000 00623nam a2200205Ia 4500
008 220216s9999 xx 000 0 und d
100 _aDerouet Daniel
245 0 _aSynthesis of polyisoprene-grafted silicas by free radical photopolymerisation of isoprene initiated from silica surface
260 _bJournal of Rubber Research
_c2008
300 _a78-96
520 _aDL
650 _aFillers
650 _aIniferter
650 _aPhotopolymerisation
650 _aPolyisoprene rubber
650 _aPolyisoprene-grafted silicas
650 _aRadical polymerisation
700 _aThuc Chi Nhan Ha
942 _cJS
999 _c70154
_d70154